Imiona nadane dziewczynkom w 2001 roku - Statystyki

Ogólne statystyki
  • Ten quiz został rozwiązany 52 razy
  • Średni wynik to 73 z 100
Statystyki odpowiedzi
Odpowiedź % Poprawnych
A Anna
97%
N Natalia
97%
V Victoria
97%
W Weronika
97%
W Wiktoria
97%
A Aleksandra
94%
A Alicja
94%
D Daria
94%
J Julia
94%
K Karolina
94%
O Oliwia
94%
P Patrycja
94%
D Dominika
90%
K Kamila
90%
K Katarzyna
90%
L Lena
90%
M Maria
90%
Z Zofia
90%
H Hanna
87%
J Justyna
87%
K Klaudia
87%
M Marta
87%
P Paulina
87%
Z Zuzanna
87%
A Amelia
84%
J Joanna
84%
L Laura
84%
Ł Łucja
84%
M Martyna
84%
M Milena
84%
M Monika
84%
P Pola
84%
A Agata
81%
A Agnieszka
81%
D Dorota
81%
E Emilia
81%
E Ewa
81%
E Ewelina
81%
G Gabriela
81%
I Izabella
81%
J Jagoda
81%
N Nikola
81%
S Sylwia
81%
B Barbara
77%
I Iga
77%
I Izabela
77%
K Kinga
77%
M Magda
77%
N Nadia
77%
O Olga
77%
I Iwona
74%
S Sara
74%
U Urszula
74%
I Ilona
71%
K Kornelia
71%
M Magdalena
71%
M Marcelina
71%
M Marianna
71%
N Nina
71%
S Sandra
71%
A Aneta
68%
A Anita
68%
B Beata
68%
M Maja
68%
M Małgorzata
68%
Ż Żaneta
68%
A Antonina
65%
E Eliza
65%
M Marzena
65%
M Michalina
65%
A Adriana
61%
A Adrianna
61%
L Lidia
61%
P Paula
61%
V Vanessa
61%
W Wioleta
61%
W Wioletta
61%
E Edyta
58%
E Elżbieta
58%
J Julianna
58%
W Wanessa
58%
A Andżelika
55%
A Angelika
55%
D Dagmara
55%
D Diana
55%
J Julita
55%
K Kaja
55%
M Malwina
55%
M Matylda
55%
R Roksana
55%
S Sabina
55%
J Jolanta
52%
M Marika
48%
N Nicole
48%
K Karina
45%
M Marlena
42%
L Liwia
39%
S Sonia
39%
J Jessica
23%
N Nicola
19%
Nie znaleziono quizów pasujących do podanych kryteriów
Rozkład punktacji
Procent ludzi z każdym wynikiem
Percentyl według liczby udzielonych odpowiedzi
Twoja historia wyników
Nie rozwiązałeś tego quizu